000 00961nam a22003257a 4500
003 DO-SdBNP
005 20180206131537.0
008 151103b 1979 sp ||| 00| 0 spa d
020 _a8402012930
040 _aBPMSU
_bspa
_cBPMSU
082 4 _a843.8
_bV531v 1979
092 _a
_b
100 1 _aVerne, Julio,
_d1828-1905
245 1 _aViaje al centro de la tierra /
_cJulio Verne
250 _a10a ed.
260 _aMadrid, España :
_bBruguera,
_c1979.
300 _a254 p. :
_bil. ;
_c21 cm.
490 1 _aHistorias selección
_v4
490 _a
_v
500 _aEdición ilustrada
504 _aIncluye referencias bibligoráficas y notas al pie de las páginas
650 _a
650 _aNOVELA FRANCESA
650 _aLITERATURA JUVENIL FRANCESA
830 0 _a Seleción historias
_n4
942 _2ddc
_cBK
945 _aInventariado, 2018 / BT
956 _aBTAVAREZ
_b10
_d20180206
_f0038
956 _aVMATEO
_b10
_c20161121
_dBPMSU
_f0069
999 _c8520
_d8520